The Olmec riddle : an inquiry into the origin of pre-Columbian civilization /

Bibliographic Details
Main Author: Gruener, James C.
Format: Book
Language:English
Published: Rancho Santa Fe, Calif. : Vengreen Publications, 1987.
Edition:1st ed.
Subjects:

MARC

Tag First Indicator Second Indicator Subfields
LEADER 00000cam a2200000 a 4500
001 in00000013444
005 20151007052455.0
008 880217s1987 cauaf b 00110 eng d
010 |a  87050370  
020 |a 0942185560 
035 |a (OCoLC)17495292 
035 |9 AAA7931AM 
040 |a NYG  |c NYG  |d CLE  |d YAM  |d TXA  |d UtOrBLW 
043 |a n-mx--- 
049 |a TXAM  |c [A12607598] 
050 4 |a F1219.8.O56  |b G78 1987 
100 1 |a Gruener, James C. 
245 1 4 |a The Olmec riddle :  |b an inquiry into the origin of pre-Columbian civilization /  |c by James C. Gruener. 
250 |a 1st ed. 
264 1 |a Rancho Santa Fe, Calif. :  |b Vengreen Publications,  |c 1987. 
300 |a xix, 511 pages, 10 pages of plates :  |b illustrations (some color) ;  |c 28 cm. 
336 |a text  |b txt  |2 rdacontent 
337 |a unmediated  |b n  |2 rdamedia 
338 |a volume  |b nc  |2 rdacarrier 
504 |a Bibliography: pages 429-450. 
500 |a Includes index. 
650 0 |a Olmecs. 
650 0 |a Olmecs  |x Religion. 
999 |a MARS 
999 f f |s b54377fa-d0f0-3d6a-8815-768e43af6b31  |i c4b5b876-6ca1-35b3-9783-96715c9473d5  |t 0 
952 f f |p ric  |a Texas A&M University  |b Rellis Campus  |c Joint Library Facility  |d Remote Storage  |t 0  |e F1219.8.O56 G78 1987  |h Library of Congress classification  |i unmediated -- volume  |m A14812607598 
998 f f |a F1219.8.O56 G78 1987  |t 0  |l Remote Storage